| 000 | 00467cam a22001337a 4500 | ||
|---|---|---|---|
| 008 | 180718b1982 xxu||||| |||| 00| 0 eng d | ||
| 082 | _aF51x5401 G939 | ||
| 100 | _aGuha, Arun Chandra | ||
| 245 |
_aIndia's struggle quarter of a century _cby Arun Chandra Guha |
||
| 260 |
_aDelhi _bPub. Division _c1982 |
||
| 300 | _a2Pts. | ||
| 500 | _aPt.1.: 1921-1940. June 1982. 1-447p.; Pt.2.: 1941-1946. Aug. 1982. 448-890. | ||
| 650 | _aIndia --Politics and government --1919-1947 | ||
| 999 |
_c346046 _d346046 |
||